| 000 | 00704cam a22002531a 4500 | ||
|---|---|---|---|
| 001 | 76685 | ||
| 003 | BD-RjUL | ||
| 005 | 20211209082855.0 | ||
| 008 | 200102r19541928ii ae 000 0 eng d | ||
| 035 | _a(BD-RjUL)76909 | ||
| 035 | _a946149 | ||
| 040 |
_aCStRLIN _beng _dANL _cBD-RjUL |
||
| 041 | _aeng | ||
| 082 |
_223 _a720.954 _bGAI 1954 |
||
| 100 | 1 |
_aGangoly, O. C. _q(Ordhendra Coomar), _d1881-1974. _9237340 |
|
| 245 | 1 | 0 |
_aIndian architecture / _cO. C. Gangoly. |
| 250 | _a3rd rev. ed. | ||
| 260 |
_aBombay : _bKutub, _c1954. |
||
| 300 |
_a67,[5] p. : _bill. ; _c25 cm. |
||
| 504 | _aBibliography: p. [71-72] | ||
| 650 | 0 |
_aArchitecture _zIndia. _9237341 |
|
| 942 |
_2ddc _cBK |
||
| 999 |
_c76685 _d76685 |
||